Priebežné hodnotenia vybraných oblastí Lamfalussyho procesu

Legislatívny proces finančného sektora nazvaný podľa svojho tvorcu baróna Alexandre Lamfalussyho prešiel od svojho vzniku viacerými zmenami, i keď svoju štruktúru si zachoval. Lamfalussyho proces rieši štyri základné oblasti – rámcovú legislatívu, vykonávacie opatrenia, kooperáciu dohliadacích orgán...

Descripción completa

Guardado en:
Detalles Bibliográficos
Autor principal: Petianová, Mária
Formato: Capítulo de libro
Lenguaje:eslovaco
Materias:
Etiquetas: Agregar Etiqueta
Sin Etiquetas, Sea el primero en etiquetar este registro!

MARC

LEADER 00000naa a2200000 4500
001 0124014
005 20231116090346.4
041 0 |a slo 
044 |a SK 
245 1 0 |a Priebežné hodnotenia vybraných oblastí Lamfalussyho procesu  |c Mária Petianová 
520 |a Legislatívny proces finančného sektora nazvaný podľa svojho tvorcu baróna Alexandre Lamfalussyho prešiel od svojho vzniku viacerými zmenami, i keď svoju štruktúru si zachoval. Lamfalussyho proces rieši štyri základné oblasti – rámcovú legislatívu, vykonávacie opatrenia, kooperáciu dohliadacích orgánov a dodržiavanie noriem. Jeho zavedenie bolo prínosom pre finančný sektor, no prax poukázala aj na jeho problémové oblasti, ktoré sa stali impulzom na úpravu systému regulácie a dohľadu finančných trhov. 
610 2 0 |a trh finančný 
610 2 0 |a regulácia 
610 2 0 |a dohľad bankový 
610 2 0 |a kooperácia 
610 2 0 |a konvergencia 
610 2 0 |a Európska komisia 
610 2 0 |a právomoc 
100 1 |a Petianová, Mária